[Event "BIH-chT 29th"]
[Site "Bihac"]
[Date "2022.08.25"]
[Round "4.6"]
[White "Karalic, Evel"]
[Black "Suta, Adil"]
[Result "1-0"]
[WhiteElo "1922"]
[BlackElo "2053"]
[PlyCount "127"]
[EventDate "2022.08.23"]
[EventType "tourn"]
[EventRounds "9"]
[EventCountry "BIH"]
[SourceTitle "CBM 210 Extra"]
[Source "ChessBase"]
[SourceDate "2022.11.30"]
[SourceVersion "1"]
[SourceVersionDate "2022.11.30"]
[SourceQuality "1"]

1. e4 c5 2. Nc3 d6 3. g3 Nc6 4. Bg2 g6 5. Nge2 Bg7 6. 0-0 e6 7. d3 Nge7 8. Be3 Nd4 9. Bxd4 cxd4 10. Nb1 0-0 11. Nd2 Nc6 12. f4 Qc7 13. g4 f5 14. exf5 exf5 15. Bd5+ Kh8 16. g5 Re8 17. Bf3 Be6 18. a3 Ne7 19. Nb3 Qb6 20. Qd2 Bxb3 21. cxb3 Qxb3 22. Qb4 Qxd3 23. Qxb7 Rab8 24. Qd7 Qe3+ 25. Kh1 d3 26. Ng3 Qxf4 27. Rad1 d2 28. Rf2 Be5 29. Rdxd2 Qxg5 30. Rg2 Qf6 31. b4 a6 32. Qa7 h5 33. Qxa6 h4 34. Ne2 h3 35. Rg1 g5 36. b5 g4 37. Bb7 Qg5 38. Rd3 Ng6 39. Rxh3+ Kg7 40. Bc6 Re7 41. Qa5 Qf6 42. Rh5 Bf4 43. Ng3 Bxg3 44. hxg3 Qb2 45. Rh2 Rh8 46. Rxh8 Nxh8 47. Qb4 Qf6 48. Re1 Rf7 49. b6 f4 50. b7 Qh6+ 51. Kg1 Qh3 52. Qc3+ Rf6 53. b8Q f3 54. Qa7+ Nf7 55. Qf2 Ne5 56. Rxe5 dxe5 57. Qxe5 Qh6 58. Qa7+ Kh8 59. Qe8+ Rf8 60. Qd4+ Kg8 61. Bd5+ Kh7 62. Qde4+ Kg7 63. Q4e5+ Kh7 64. Q5e7+ 1-0

[Event "BIH-chT 29th"]
[Site "Bihac"]
[Date "2022.08.24"]
[Round "3.6"]
[White "Pestek, Elvis"]
[Black "Karalic, Evel"]
[Result "1/2-1/2"]
[WhiteElo "1989"]
[BlackElo "1922"]
[PlyCount "65"]
[EventDate "2022.08.23"]
[EventType "tourn"]
[EventRounds "9"]
[EventCountry "BIH"]
[SourceTitle "CBM 210 Extra"]
[Source "ChessBase"]
[SourceDate "2022.11.30"]
[SourceVersion "1"]
[SourceVersionDate "2022.11.30"]
[SourceQuality "1"]

1. e4 d5 2. exd5 Qxd5 3. Nc3 Qd6 4. d4 Nf6 5. Nf3 c6 6. h3 Bf5 7. g4 Bg6 8. Ne5 Nd5 9. Bg2 e6 10. Nxg6 hxg6 11. Ne4 Qc7 12. Qf3 Nb4 13. Qb3 Nd7 14. a3 Nd5 15. Qf3 N7f6 16. c4 Nxe4 17. Qxe4 Nf6 18. Qe2 0-0-0 19. Be3 Bd6 20. 0-0-0 Bf4 21. Kb1 Rd7 22. d5 Bxe3 23. Qxe3 exd5 24. cxd5 Rhd8 25. Qxa7 Nxd5 26. Bxd5 Rxd5 27. Rxd5 Rxd5 28. Re1 Qd7 29. Qa8+ Kc7 30. Qa4 Rd2 31. Qa5+ Kb8 32. Re8+ Qxe8 33. Qxd2 1/2-1/2

[Event "BIH-chT1A 28th"]
[Site "Mostar"]
[Date "2021.08.10"]
[Round "8.1"]
[White "Karalic, Evel"]
[Black "Sinanovic, Ermin"]
[Result "1/2-1/2"]
[WhiteElo "1908"]
[BlackElo "2145"]
[PlyCount "81"]
[EventDate "2021.08.06"]
[EventType "team-tourn"]
[EventRounds "9"]
[EventCountry "BIH"]
[SourceTitle "CBM 203 Extra"]
[Source "ChessBase"]
[SourceDate "2021.09.30"]
[SourceVersion "1"]
[SourceVersionDate "2021.09.30"]
[SourceQuality "1"]
[WhiteTeam "Zenica Celik"]
[BlackTeam "Zivinice"]
[WhiteTeamCountry "BIH"]
[BlackTeamCountry "BIH"]

1. e4 c5 2. Nc3 Nc6 3. g3 g6 4. Bg2 Bg7 5. Nge2 e6 6. d3 Nge7 7. 0-0 0-0 8. f4 d5 9. g4 d4 10. Nb1 Qc7 11. Nd2 f5 12. e5 fxg4 13. Ne4 Nf5 14. N2g3 h5 15. Nxf5 exf5 16. Nxc5 Nxe5 17. Nb3 Nf3+ 18. Bxf3 gxf3 19. Rxf3 b6 20. h4 Bb7 21. Rg3 Qc6 22. Kh2 Rac8 23. Bd2 Qxc2 24. Rxg6 Qxd1 25. Rxd1 Kf7 26. Rg5 Bf3 27. Rxf5+ Ke6 28. Rxf8 Rxf8 29. Re1+ Kd7 30. Bb4 Rf7 31. Nd2 Bd5 32. Nc4 Bxc4 33. dxc4 Bh6 34. f5 Bf4+ 35. Kg2 a5 36. Re4 Be3 37. Bd2 Rxf5 38. Bxe3 dxe3 39. Kg3 Rf2 40. b3 Rxa2 41. Rxe3 1/2-1/2

[Event "BIH-chTA 27th"]
[Site "Lukavac"]
[Date "2020.10.31"]
[Round "2.1"]
[White "Atlic, Mirza"]
[Black "Karalic, Evel"]
[Result "0-1"]
[WhiteElo "1997"]
[BlackElo "1880"]
[PlyCount "80"]
[EventDate "2020.10.30"]
[EventType "team-tourn"]
[EventRounds "9"]
[EventCountry "BIH"]
[SourceTitle "CBM 199 Extra"]
[Source "ChessBase"]
[SourceDate "2021.01.31"]
[SourceVersion "1"]
[SourceVersionDate "2021.01.31"]
[SourceQuality "1"]
[WhiteTeam "Cazin Ljiljan"]
[BlackTeam "Zenica Celik"]
[WhiteTeamCountry "BIH"]
[BlackTeamCountry "BIH"]

1. e4 e5 2. Nf3 Nc6 3. Bb5 a6 4. Ba4 Nf6 5. 0-0 b5 6. Bb3 d6 7. Ng5 d5 8. exd5 Nd4 9. Re1 Bd6 10. c3 Nxb3 11. axb3 0-0 12. Ne4 Nxd5 13. Nxd6 cxd6 14. d4 Bb7 15. dxe5 dxe5 16. Rxe5 Nf4 17. Qd4 Nd3 18. Bd2 Nxe5 19. Qxe5 Re8 20. Qd4 Qxd4 21. cxd4 Rad8 22. Nc3 Rxd4 23. Be3 Rb4 24. Rd1 Rxb3 25. Rd2 h6 26. Kf1 a5 27. Ne2 b4 28. Nc1 Ba6+ 29. Ke1 Rexe3+ 30. fxe3 Rxe3+ 31. Kd1 Bc4 32. Rd4 Be6 33. Nd3 Bf5 34. Nc5 h5 35. Rd5 Bg4+ 36. Kc1 b3 37. Rd8+ Kh7 38. Rb8 Re1+ 39. Kd2 Re2+ 40. Kd3 Rxb2 0-1

[Event "EU-ch U16 27th"]
[Site "Mamaia"]
[Date "2017.09.09"]
[Round "5"]
[White "Karalic, Evel"]
[Black "Hurdzan, Tomas"]
[Result "0-1"]
[WhiteElo "1720"]
[BlackElo "2223"]
[PlyCount "84"]
[EventDate "2017.09.05"]
[EventType "swiss"]
[EventRounds "9"]
[EventCountry "ROU"]
[SourceTitle "EXT 2018"]
[Source "ChessBase"]
[SourceDate "2017.10.13"]
[SourceVersion "1"]
[SourceVersionDate "2017.10.13"]
[SourceQuality "1"]

1. e4 c5 2. Nc3 Nc6 3. g3 g6 4. Bg2 Bg7 5. Nge2 e6 6. 0-0 Nge7 7. d3 0-0 8. Be3 Nd4 9. Qd2 d6 10. f4 Rb8 11. a4 a6 12. Bf2 Nxe2+ 13. Qxe2 Nc6 14. Qd2 Nd4 15. Rab1 Bd7 16. Rfe1 Qc7 17. h3 Bc6 18. Be3 b5 19. axb5 axb5 20. Ne2 Ra8 21. Bxd4 cxd4 22. Ra1 Bb7 23. Rec1 Rfc8 24. Rxa8 Bxa8 25. Qb4 Qb6 26. Qd2 Bb7 27. Qb4 e5 28. Qb3 Qc5 29. Kh2 Bc6 30. h4 Bh6 31. Rf1 Bd7 32. c3 Be6 33. cxd4 Bxb3 34. dxc5 Rxc5 35. Nc1 Bc2 36. fxe5 dxe5 37. Bf3 Bb1 38. Nb3 Rc2+ 39. Kh3 Rxb2 40. Nc5 Be3 41. Nd7 Bxd3 42. Rd1 Bc2 0-1